| 000 | 00523nam a2200121Ia 4500 | ||
|---|---|---|---|
| 008 | 171212s9999 xx 000 0 und d | ||
| 020 | _a9781925022629 | ||
| 245 |
_ceditor Toner, P.G. _aStrings of Connectedness _bEssays in honour of Ian Keen |
||
| 260 |
_bANU E Press _c2015 |
||
| 650 | _aAboriginal Australians -- Australia; Research -- Northern Territory -- Arnhem Land; Aboriginal Australians -- Religious life; Language and culture -- Australia | ||
| 650 | _aAnthropology | ||
| 856 | _uhttp://jstor.org/stable/j.ctt183q3jp | ||
| 999 |
_c351324 _d351324 |
||